Southville International School and Colleges
Your cart is empty.
  • Cart
  • Lists
    Public lists Eva Luna New books Lux_list list_1
    Your lists Log in to create your own lists
  • Log in to your account
  • Your cookies
  • Search history
Southville International School and Colleges
  • Advanced search
  • Recent comments
  • Most popular
  • Libraries

Log in to your account

Log in with GOOGLE


If you do not have an external account, but do have a local account, you can still log in:

  1. Home
  2. MARC view: The importance of being earnest and other plays /
Normal view MARC view ISBD view

The importance of being earnest and other plays / (Record no. 288956)

[ view plain ]
MARC details
000 -LEADER
fixed length control field 01316cam a2200337 a 4500
001 - CONTROL NUMBER
control field 12385012
003 - CONTROL NUMBER IDENTIFIER
control field PILC
005 - DATE AND TIME OF LATEST TRANSACTION
control field 20151110143314.0
008 - FIXED-LENGTH DATA ELEMENTS--GENERAL INFORMATION
fixed length control field 010419s2000 enk b 000 0 eng
010 ## - LIBRARY OF CONGRESS CONTROL NUMBER
LC control number 2001266018
020 ## - INTERNATIONAL STANDARD BOOK NUMBER
International Standard Book Number 0140436065
040 ## - CATALOGING SOURCE
Original cataloging agency DLC
Transcribing agency DLC
Modifying agency DLC
050 00 - LIBRARY OF CONGRESS CALL NUMBER
Classification number PR 5812
Item number .C38 2000
082 00 - DEWEY DECIMAL CLASSIFICATION NUMBER
Classification number 822/.8
100 1# - MAIN ENTRY--PERSONAL NAME
Personal name Wilde, Oscar,
Dates associated with a name 1854-1900.
245 14 - TITLE STATEMENT
Title The importance of being earnest and other plays /
Statement of responsibility, etc Oscar Wilde ; edited with an introduction, commentaries, and notes by Richard Allen Cave.
260 ## - PUBLICATION, DISTRIBUTION, ETC. (IMPRINT)
Place of publication, distribution, etc London ;
-- New York :
Name of publisher, distributor, etc Penguin Books,
Date of publication, distribution, etc 2000.
300 ## - PHYSICAL DESCRIPTION
Extent xxx, 431 p. ;
Dimensions 20 cm.
440 #0 - SERIES STATEMENT/ADDED ENTRY--TITLE
Title Penguin classics
504 ## - BIBLIOGRAPHY, ETC. NOTE
Bibliography, etc Includes bibliographical references (p. xxix-xxx).
650 #0 - SUBJECT ADDED ENTRY--TOPICAL TERM
Topical term or geographic name as entry element Identity (Psychology)
Form subdivision Drama.
650 #0 - SUBJECT ADDED ENTRY--TOPICAL TERM
Topical term or geographic name as entry element Foundlings
Form subdivision Drama.
651 #0 - SUBJECT ADDED ENTRY--GEOGRAPHIC NAME
Geographic name England
Form subdivision Drama.
655 #7 - INDEX TERM--GENRE/FORM
Genre/form data or focus term Comedies.
Source of term gsafd
700 1# - ADDED ENTRY--PERSONAL NAME
Personal name Cave, Richard Allen.
856 42 - ELECTRONIC LOCATION AND ACCESS
Materials specified Publisher description
Uniform Resource Identifier <a href="http://www.loc.gov/catdir/enhancements/fy1203/2001266018-d.html">http://www.loc.gov/catdir/enhancements/fy1203/2001266018-d.html</a>
856 42 - ELECTRONIC LOCATION AND ACCESS
Materials specified Contributor biographical information
Uniform Resource Identifier <a href="http://www.loc.gov/catdir/enhancements/fy1505/2001266018-b.html">http://www.loc.gov/catdir/enhancements/fy1505/2001266018-b.html</a>
906 ## - LOCAL DATA ELEMENT F, LDF (RLIN)
a 7
b cbc
c origcop
d 3
e ncip
f 20
g y-gencatlg
942 ## - ADDED ENTRY ELEMENTS (KOHA)
Source of classification or shelving scheme Library of Congress Classification
Koha item type Books
Holdings
Withdrawn status Lost status Source of classification or shelving scheme Damaged status Home library Current library Shelving location Date acquired Source of acquisition Sub Shelving location Total Checkouts Full call number Barcode Date last seen Price effective from Koha item type
    Library of Congress Classification   Luxembourg Library Luxembourg Library International Baccalaureate Section 11/10/2015 Library Fund     PR 5812 .C38 2000 20120 04/14/2016 11/10/2015 Books
    Library of Congress Classification   Luxembourg Library Luxembourg Library International Baccalaureate Section 11/10/2015 Library Fund     PR 5812 .C38 2000 20121 04/14/2016 11/10/2015 Books

The importance of being earnest and other plays /

APA

Wilde O., Cave R. A., . (2000). The importance of being earnest and other plays. London: Penguin Books.

Chicago

Wilde Oscar, Cave Richard Allen, . 2000. The importance of being earnest and other plays. London: Penguin Books.

Harvard

Wilde O., Cave R. A., . (2000). The importance of being earnest and other plays. London: Penguin Books.

MLA

Wilde Oscar, Cave Richard Allen, . The importance of being earnest and other plays. London: Penguin Books. 2000.

  • Place hold
  • Print
  • Cite
  • Add to your cart (remove)
  • Save record
    BIBTEX Dublin Core MARCXML MARC (non-Unicode/MARC-8) MARC (Unicode/UTF-8) MARC (Unicode/UTF-8, Standard) MODS (XML) RIS
  • More searches
    Search for this title in:
    Other Libraries (WorldCat) Other Databases (Google Scholar) Online Stores (Bookfinder.com) Open Library (openlibrary.org)

Exporting to Dublin Core...

SOUTHVILLE LIBRARY

Southville International School and Colleges Library

1281 Tropical Ave. Cor. Luxembourg St., BF Homes International, Las Pinas City

Tel. No. 8256374 / 252358 Loc. 117/146

Powered by Koha